| 000 | 00865cam a22002777a 4500 | ||
|---|---|---|---|
| 003 | CHAP | ||
| 005 | 20220329141145.0 | ||
| 008 | 971010d1987 mx r 00110 spa d | ||
| 010 | _a63554 | ||
| 011 | _a64526 | ||
| 035 | _a69995 | ||
| 040 | _cCHAP | ||
| 082 | 0 | 4 |
_a301.35 _bC35 |
| 100 | 0 | 0 |
_aCalderas Osorio, Marco Arturo. _917359 |
| 245 | 1 | 0 |
_aSociología rural _c/por Marco Arturo Calderas Osorio |
| 260 |
_aMéxico, D. F. : _bCECSA, _c1987. |
||
| 300 | _a433 p. | ||
| 590 |
_aBATCH-UPD _b10 _c20130110 _lUCH01 _h0524 |
||
| 590 |
_aBATCH-UPD _b10 _c20130410 _lUCH01 _h0203 |
||
| 590 |
_aBATCH-UPD _b10 _c20130914 _lUCH01 _h0816 |
||
| 590 |
_aCONVERSION _b10 _c20130109 _lUCH01 _h1334 |
||
| 650 | 1 | 4 |
_aSociología rural. _9108215 |
| 901 | _aBK | ||
| 942 | _cLIBRO | ||
| 949 |
_a301.35 C35 _bBC _cLIBRO _d33724000720710 _eLIBRO _gI. c/e _h71882 _i69995 _kReposiciØn _si _t5.20 |
||
| 999 |
_c63554 _d63554 |
||